LDR 00944naa#a2200169#i#450# 001 RU\\bibl\19506 005 20260516114950.6 100 ## _a20260515b2026####ek#y0rusy0150####ca 102 ## _aRU 200 1# _aФОРМИРОВАНИЕ ЭТИКИ ОТВЕТСТВЕННОГО ТУРИЗМА В СИСТЕМЕ ЭКОЛОГИЧЕСКОГО ОБРАЗОВАНИЯ (НА ПРИМЕРЕ Г. ВОРОНЕЖА И ВОРОНЕЖСКОЙ ОБЛАСТИ) _eСтатья/тезисы конференции 210 1# _aВоронеж _cВоронежский государственный лесотехнический университет имени Г.Ф. Морозова _d2026 215 ## _a7 с. 608 ## _aСтатья/тезисы конференции _2local 675 ## _aФакторы, определяющие спрос. 338.484 _z 700 #1 _aПомазкова _gЕ. Н. 700 #1 _aКарташова _gНелли Павловна 856 4# _abibl.vgltu.ru _u